000
00241nam a22001097a 4500
999
_c
13466
_d
13466
082
_a
297.09
100
_a
ڈاکٹر محمّد الطاف طاہر
245
_a
تفہیم البشر
260
_c
2015
300
_a
326 pages
942
_c
BK